Republicanism reappraised.

Bibliographic Details
Main Author: Stromberg, Roland N., 1916-2004
Format: Book
Language:English
Published: Washington : Public Affairs Press, [1952]
Subjects:

MARC

Tag First Indicator Second Indicator Subfields
LEADER 00000cam a2200000 4500
001 in00000067146
005 20151008051317.0
008 750217s1952 dcu 00000 eng u
010 |a  52010642  
035 |a (OCoLC)01178327 
035 |9 AAG7101AM 
040 |c CWR  |d TXA  |d UtOrBLW 
049 |a TXAM  |c 2 [253206] 
050 0 |a JK2357 1952  |b .S8 
082 0 |a 329.6 
092 |a 329.6  |b S921r 
100 1 |a Stromberg, Roland N.,  |d 1916-2004. 
245 1 0 |a Republicanism reappraised. 
264 1 |a Washington :  |b Public Affairs Press,  |c [1952] 
300 |a 93 pages ;  |c 21 cm. 
336 |a text  |b txt  |2 rdacontent 
337 |a unmediated  |b n  |2 rdamedia 
338 |a volume  |b nc  |2 rdacarrier 
610 2 0 |a Republican Party (U.S. : 1854- ) 
999 |a MARS 
999 f f |s 8cbacb78-20d6-381f-891e-5446bc633f3a  |i 7334edf3-dba0-33d6-bfe7-21e60f09de1c  |t 0 
952 f f |p ric  |a Texas A&M University  |b Rellis Campus  |c Joint Library Facility  |d Remote Storage  |t 0  |e JK2357 1952 .S8  |h Library of Congress classification  |i unmediated -- volume  |m A14800684097 
998 f f |a JK2357 1952 .S8  |t 0  |l Remote Storage